Muhammad : (Record no. 347423)

000 -LEADER
fixed length control field 01008 a2200157 4500
020 ## - INTERNATIONAL STANDARD BOOK NUMBER
International Standard Book Number 0042970423 (paperback)
020 ## - INTERNATIONAL STANDARD BOOK NUMBER
International Standard Book Number 9780042970424 (paperback)
090 ## - LOCALLY ASSIGNED LC-TYPE CALL NUMBER (OCLC); LOCAL CALL NUMBER (RLIN)
-- 4997
-- 4997
100 1# - MAIN ENTRY--PERSONAL NAME
Personal name Lings, Martin.
245 10 - TITLE STATEMENT
Title Muhammad :
Remainder of title his life based on the earliest sources /
Statement of responsibility, etc. Martin Lings.
260 ## - PUBLICATION, DISTRIBUTION, ETC.
Place of publication, distribution, etc. [S.l.] :
Name of publisher, distributor, etc. HarperCollins Publishers Ltd,
Date of publication, distribution, etc. 1983.
300 ## - PHYSICAL DESCRIPTION
Extent 367 p.
520 ## - SUMMARY, ETC.
Summary, etc. In his smooth, narrative style, Martin Lings presents a biography of Muhammad, using sources from the eighth and ninth centuries, including some passages never before translated. Here are the words of the men and women who heard the Prophet speak. This is the first paperback edition of this important work, which sold 7,500 copies in the cloth edition. The Muslim population of the U.S. is on a strong growth curve. It is estimated that there are now between 4 and 7 million Muslims in the U.S.
856 40 - ELECTRONIC LOCATION AND ACCESS
Materials specified Amazon.com
Uniform Resource Identifier <a href="http://www.amazon.com/exec/obidos/ASIN/0042970423/chopaconline-20">http://www.amazon.com/exec/obidos/ASIN/0042970423/chopaconline-20</a>
942 ## - ADDED ENTRY ELEMENTS (KOHA)
Institution code [OBSOLETE] NBS
Koha item type Book
Call number prefix 297.63 LIN
Holdings
Withdrawn status Lost status Damaged status Not for loan Permanent Location Current Location Shelving location Date acquired Total Checkouts Full call number Barcode Checked out Date last seen Date last checked out Price effective from Koha item type
        Central Library (CL) Central Library (CL) First Floor - Islam 08/28/2013 3 297.63 LIN NBS4603 01/05/2026 09/07/2025 09/07/2025 08/28/2013 Book
© 2023 Central Library, National University of Sciences and Technology. All Rights Reserved.